| 000 | 00820nam a22002057a 4500 | ||
|---|---|---|---|
| 999 |
_c10673 _d10673 |
||
| 003 | AR-CdUCM | ||
| 008 | 190401b ||||| |||| 00| 0 spa d | ||
| 040 |
_aMUNICIPALIDAD PROVINCIAL DEL CUSCO _cBIBLIOTECA MUNICIPAL DEL CUSCO |
||
| 082 |
_a342.849 / _bC81 / 1901 |
||
| 100 |
_aConde y Luque, Don Rafael _927648 |
||
| 245 | _aOficio del derecho internacional privado / | ||
| 260 |
_aMadrid : _bAlvarez, _c1901. |
||
| 300 |
_a577 paginas ; _c22 cm. |
||
| 505 | _aContenido : Concepto del derecho internacional privado -- Definición del derecho internacional privado -- Tres oficios del derecho internacional privado -- De las fuentes del derecho internacional privado ... | ||
| 650 |
_aConcepto de la ciencia _927649 |
||
| 650 |
_aNacionalidad _92435 |
||
| 650 |
_aPerú _935 |
||
| 942 |
_2ddc _cLIBROS |
||
| 945 | _arah | ||